[Event "Tan Chin Nam Cup 3rd "]
[Site "Beijing"]
[Date "1997.08.13"]
[Round "4"]
[White "Atalik, Suat"]
[Black "Zhu, Chen"]
[Result "1/2-1/2"]
[WhiteElo "2590"]
[BlackElo "2515"]
[Annotator "Ribli,Z"]
[PlyCount "97"]
[EventDate "1997.08.11"]
[EventType "tourn"]
[EventRounds "11"]
[EventCountry "CHN"]
[EventCategory "12"]
[SourceTitle "CBM 061"]
[Source "ChessBase"]
[SourceDate "1997.11.23"]
[SourceVersion "1"]
[SourceVersionDate "1997.11.23"]
[SourceQuality "1"]

1. c4 {Ribli} e5 2. Nc3 Nf6 3. Nf3 Nc6 4. d4 exd4 5. Nxd4 Bb4 (5... Bc5 $5 {
Ribli} 6. Nxc6 bxc6 7. e3 O-O 8. Be2 d5 9. O-O Be6 10. b3 Bd6 11. cxd5 cxd5 12.
Bb2 c6 13. Rc1 Qe7 {1/2-1/2 Lalic,B-Kacheishvili,G/Berliner Sommer 1996 (31)})
6. Bg5 h6 7. Bh4 O-O {Schwarz ist gut entwickelt und hat eine solide Stellung.
In einigen Varianten kann die Feßlung des Nf6 unangenehm werden.Ribli.} (7...
Bxc3+ 8. bxc3 O-O $5 $146 9. e3 Re8 10. Be2 d6 (10... Ne5 $5) 11. Nxc6 bxc6 12.
Bf3 Bd7 13. c5 $1 $14 {1/2-1/2 Kortschnoj,V-Piket,J/Hoogovens 1997 (47)}) 8.
Rc1 Ne5 9. e3 (9. a3 Bxc3+ 10. Rxc3 Ng6 11. Bxf6 Qxf6 12. g3 c5 13. Nf3 Rb8 14.
Bg2 b5 {=/+ Raicevic,V-Djukanovic,M/Jugoslavija 1974}) 9... Ng6 10. Bg3 (10.
Bxf6 Qxf6 11. Be2 d6 (11... b6 12. Bf3 Rb8 13. O-O Bxc3 14. Rxc3 Ne5 15. Be2 a6
16. e4 Nc6 17. Nf5 d6 18. Ne3 Nd4 19. Nd5 {1-0 Oll,L-Nilsson,N/Copenhagen op
1993 (38)}) 12. O-O c6 13. Qd2 Nh4 14. Nf3 Nxf3+ 15. Bxf3 Be6 16. Rfd1 Qe5 (
16... Bxc4 $5) 17. a3 Bxc3 18. Rxc3 {1-0 Cabrilo,G-Rajkovic,V/JUG-chT Igalo
1994 (27)}) 10... Ne4 $13 11. Bd3 Bxc3+ 12. bxc3 {Schwarz hat eine solide
Stellung, während Weiß einige Bauernschwächen zu beklagen hat. Die weißen
Zentralbauern sind jedoch leicht zu mobilisieren und können so zu scharfem
Spiel führen.Ribli.} Nxg3 (12... Re8 $5) 13. hxg3 Ne5 (13... d6 14. f4 (14.
Bxg6 fxg6 $11) 14... Qe7 15. Kf2 $13) 14. f4 (14. Bb1 d6 15. Qc2 f5 16. Rh5 Qe8
17. Qe2 Ng4 18. Rh4 {1-0 Winter,W-Gemzoe,J/Folkestone ol 1933/HCL 36 (34)})
14... Nxd3+ 15. Qxd3 d6 16. Kf2 {Wir haben eine ungewöhnliche Stellung auf dem
Brett. Der weiße König steht nicht schlecht auf f2, und die weißen
Bauernschwächen sind gar nicht fühlbar.Ribli.} Re8 (16... f5 $5 17. e4 fxe4 18.
Qxe4 c6) 17. Rh4 Qe7 18. Rch1 c5 $1 $15 (18... a6) (18... Qe4 $5 19. Qxe4 Rxe4
20. Kf3 f5 21. g4 Bd7 22. gxf5 Rae8 23. Re1 c5) 19. Nb5 (19. Nc2 Qe4 20. Qxe4
Rxe4 $17 {[%csl Rc4]}) 19... Bf5 $1 20. Qd2 (20. Qxf5 $2 Qxe3+ 21. Kf1 Qe1#)
20... a6 21. Na3 (21. Nxd6 $2 Rad8 22. Rd1 Rxd6 23. Qxd6 Qxe3+ 24. Kf1 Bc2 25.
Qd2 Bxd1 26. Qxd1 Qxg3 $19 {[%csl Rf1]}) 21... b5 $1 (21... Be4 {[%csl Ge4]}
22. g4 f6 {Der schwarze Be4 steht sehr gut. Es ist klar, daß Schwarz d6-d5
beabhsichtigt.}) 22. Re1 (22. cxb5 $2 axb5 23. Nxb5 Rxa2 24. Qxa2 Qxe3+ 25. Kf1
Qe1#) 22... b4 {Schwarz opfert einen Bauern für die offene Linie und aktives
Spiel.Ribli.} (22... Rab8 $5 23. e4 Bxe4 24. f5 Qb7) 23. cxb4 cxb4 24. Qxb4
Rab8 25. Qc3 Qb7 $44 {[%cal Gb8b2]} 26. Re2 Be4 {[%csl Gb7,Gb8,Ge4,Ge8]} 27.
Rh2 Qb4 {Nach dem Damentausch behält Schwarz die Initiative. Weiß hat große
Probleme bei der Koordination seiner Figuren.Ribli.} 28. Qxb4 Rxb4 $15 {
[%cal Gb4a4]} 29. Rh1 Reb8 $5 (29... Ra4 30. Nb1 Rxc4 31. Nd2 $11) 30. Rd1 Ra4
31. Nc2 (31. Rd4 f5) 31... Rxa2 {[%csl Ga2,Ga6,Ge4]} 32. Ne1 (32. Rdd2 $2 Rbb2
$19) (32. Nd4 Rbb2 $15 (32... Rxe2+ 33. Nxe2 {[%csl Rd6]})) 32... Rxe2+ 33.
Kxe2 Rb2+ 34. Kf1 (34. Rd2 Rxd2+ 35. Kxd2 f5 36. Kc3 a5) 34... Rb6 35. g4 a5
36. Rd4 Bb1 37. Nf3 Ra6 {Der entfernte schwarze Freibauer ist gefährlich, aber
das Material ist so weit reduziert, daß Weiß Remis erreichen kann.} (37... a4
38. c5 dxc5 39. Rxa4) 38. Rd1 Be4 39. Nd2 (39. Rd4 $2 Bxf3 40. gxf3 a4 $17)
39... Bd3+ 40. Kf2 a4 41. Ra1 a3 (41... Bc2 42. Ra2) 42. Ra2 {[%csl Ga2,Gd2]
Die scheinbar passiven weißen Figuren blockieren gut und halten die Stellung.
Andererseits droht Weiß mit 43.e4 und anschließender Königswanderung an den
Damenflügel.Ribli.} Ra4 43. Kf3 (43. e4 Bxc4 44. Nxc4 Rxc4 45. Rxa3 Rxe4 $15)
43... g5 44. fxg5 hxg5 45. e4 $11 Kg7 46. Ke3 Bxc4 $8 47. Nxc4 Rxc4 48. Rxa3
Kf6 49. Rd3 {Und in dieser Remisstellung einigte man sich auf Punktteilung.
Ribli.} 1/2-1/2

[Event "Leon"]
[Site "Leon"]
[Date "1990.??.??"]
[Round "5"]
[White "Franco Ocampos, Zenon"]
[Black "Garcia Palermo, Carlos H"]
[Result "1-0"]
[WhiteElo "2475"]
[BlackElo "2460"]
[Annotator "Ribli,Z"]
[PlyCount "107"]
[EventDate "1990.06.??"]
[EventType "tourn"]
[EventRounds "11"]
[EventCountry "ESP"]
[EventCategory "9"]
[SourceTitle "CBM 020"]
[Source "ChessBase"]
[SourceDate "1991.02.01"]
[SourceVersion "1"]
[SourceVersionDate "1991.02.01"]
[SourceQuality "1"]

1. c4 e5 2. Nc3 Nc6 3. Nf3 Nf6 4. a3 g6 5. e3 Bg7 6. Be2 O-O 7. O-O d6 8. d3 a6
9. Qc2 Bd7 10. b4 b5 11. Bb2 Ne7 12. Rfd1 Qb8 13. cxb5 axb5 14. d4 exd4 15.
Nxd4 c6 16. Nb3 Bf5 17. Qd2 Rd8 18. h3 h5 19. Rac1 Kh7 20. Nd4 d5 21. Bf3 Qb6
22. Nce2 Be4 23. Nf4 Rac8 24. Be2 Bf5 25. Nxf5 Nxf5 26. Bd3 Ne4 27. Bxe4 dxe4
28. Qe2 Rxd1+ 29. Rxd1 c5 30. Bxg7 Kxg7 31. Nd5 $1 Qc6 32. Qb2+ Kh6 33. bxc5
Rd8 34. Qe5 Qxc5 35. Qxe4 Qxa3 36. Qf4+ Kg7 37. e4 Qb3 38. Qe5+ Kh6 39. Rc1 Nd6
40. Qf6 Qa3 41. Rc6 Qa5 42. Rxd6 Rxd6 43. Qxd6 Qe1+ 44. Kh2 Qxf2 45. Qf8+ Kg5
46. Qd8+ Kh6 47. h4 Kg7 48. e5 Qf5 49. Qg5 Qe4 50. Qf6+ Kg8 51. Ne7+ Kf8 52. e6
$1 Qxe6 53. Nxg6+ Ke8 54. Qh8+ 1-0

[Event "FIDE World Cup-D"]
[Site "Hyderabad"]
[Date "2002.10.10"]
[Round "1"]
[White "Ehlvest, Jaan"]
[Black "Harikrishna, Pentala"]
[Result "1-0"]
[WhiteElo "2600"]
[BlackElo "2551"]
[Annotator "Ribli,Z"]
[PlyCount "65"]
[EventDate "2002.10.05"]
[EventType "tourn"]
[EventRounds "5"]
[EventCountry "IND"]
[EventCategory "15"]
[SourceTitle "CBM 092"]
[Source "ChessBase"]
[SourceDate "2003.02.06"]
[SourceVersion "1"]
[SourceVersionDate "2003.02.06"]
[SourceQuality "1"]

1. c4 e5 2. Nc3 Nf6 3. Nf3 Nc6 4. e4 Bb4 (4... Bc5 5. Nxe5 {Das ist die Pointe
des weissen Spiels mit 4.e4.} Nxe5 (5... Bxf2+ $6 6. Kxf2 Nxe5 7. d4 $16) 6. d4
Bb4 (6... Bxd4 $6 7. Qxd4 $14) 7. dxe5 Nxe4 8. Qd4 Nxc3 9. bxc3 Be7 10. Qg4 Kf8
) 5. d3 d6 6. g3 h6 (6... Bg4) (6... Bc5 $5 {Es ist wahr, dass dieser Zug
einen Tempoverlust bedeutet (Schwarz spielte schon 4...Bb4), aber jetzt geht
Nxe5 nicht und der Läufer steht besser auf c5, als auf b4.}) 7. Bg2 Bxc3+ $6 {
Dieser Zug gefaellt mir nicht - Schwarz gibt freiwillig sein Läuferpaar auf
und Weiss bekommt nachfolgend ein sehr starkes Bauernzentrum.} (7... Be6 8. O-O
Bxc3 9. bxc3 Qd7 10. Rb1 b6 11. Nh4 Bh3 12. Nf5 Bxg2 13. Kxg2 g6 14. Ne3 O-O-O
15. f4 exf4 16. Nd5 Nxd5 17. cxd5 f3+ 18. Qxf3 Ne5 19. Qe2 f5 {0-1 Mozetic,
D-Nikcevic,N/Belgrade 1991/EXT 97 (40)}) (7... Bg4 8. h3 Bxf3 9. Bxf3 a6 10.
O-O Bc5 11. Bg2 Nd4 12. Kh2 h5 13. Ne2 h4 14. Nxd4 Bxd4 15. Bg5 Kd7 16. Qf3 c6
17. Rab1 Kc7 {1/2-1/2 Landenbergue,C-Lutz,C/Garmisch 1994/CBM 43 ext (40)}) 8.
bxc3 Be6 9. Nd2 $1 {[%csl Yd5][%cal Gd2f1,Gf1e3,Ge3d5][%mdl 32] Der Springer
befreit den f-Bauern, so kann Weiss später f2-f4 ziehen. Andererseits strebt
der Springer - durch f1-e3 - nach d5.} h5 (9... Qd7 $5 10. Rb1 O-O-O) 10. Rb1 (
10. O-O $6 h4 $36) (10. h4) 10... b6 11. h4 Nd7 (11... O-O 12. Nf1 $14 {
Im Folgenden kann Weiss rochieren und f2-f4 ziehen, mit Angriffschancen am
Koenigsfluegel.}) (11... Qd7) 12. Nf1 Ne7 13. Ne3 f6 14. d4 $14 {[%csl Gc4,Gd4,
Ge4] Weiss hat ein starkes Bauernzentrum und seine strukturelle Schwächung 
(c3P, c4P) hat keine Bedeutung.} Nf8 15. Rb2 {[%cal Gb2d2]} Qc8 (15... c5 16.
O-O $16 {[%cal Gf2f4]}) 16. f4 $36 {Weiss hat grossen Raumvorteil und es ist
nicht leicht fuer Schwarz einen Spielplan finden.} Nd7 17. Qa4 {[%cal Ga4e8]}
c6 $6 {Schwarz vermeidet die Fesselung des d7 - Springers und moechte den Zug
b6-b5 vorbereiten. Aber die Textfortsetzung schwächt den d6-Bauern.} (17... Kf8
18. O-O $16 {[%cal Gf1f8]}) (17... O-O 18. O-O $14) 18. Rd2 {[%csl Rd6][%cal
Gd2d6,Gc1a3,Ga3d6]} Qc7 19. Ba3 b5 20. Qd1 $1 {Weiss spielt elegant - er
beschaeftigt sich nicht mit dem b5-Bauern, sondern verdoppelt auf der d-Linie.}
(20. cxb5 cxb5 21. Qb4 $14) 20... bxc4 21. O-O {Weiss hat viel mehr als
ausreichende Kompensation fuer den Bauern - seine zwei Tuerme stehen sehr
aktiv und er hat grossen Raumvorteil im Zentrum.} exf4 22. gxf4 f5 $2 {
Psychologisch verstaendlich, dass Schwarz endlich einen aktive Zug machen
möchte, aber mit diesem Zug oeffnet er die Stellung nur fuer seinen Gegner.} (
22... Nb6 $142) 23. d5 $1 cxd5 24. exf5 $16 Bf7 (24... Nxf5 25. Nxf5 Bxf5 26.
Re1+ Kd8 (26... Kf8 27. Rxd5 $18) 27. Rxd5 $18) (24... Qb6 25. Rd4 Bf7 (25...
Nxf5 26. Nxf5 Bxf5 27. Bxd5 $18) 26. Re1 $16) 25. Nxd5 Bxd5 26. Rxd5 $1 {
[%csl Ga3,Re8,Gg2][%mdl 128] Schoen gespielt! Die Qualitaet zählt nicht, das
weisse Lauferpaar entscheidet die Partie. Der schwarze Koenig steht sehr
schlecht in der Mitte.} (26. Bxd5 $16) 26... O-O (26... Nxd5 27. Re1+ Kd8 28.
Qxd5 Nb6 29. Qd4 $18) 27. Bxd6 Qb6+ 28. Kh1 Nxf5 (28... Nxd5 29. Bxd5+ $18) 29.
Rxf5 Rxf5 30. Bxa8 $18 {Weiss hat eine Figur mehr und steht auf Gewinn.} Qd8
31. Be4 (31. Bd5+ Kh8 32. Bxc4 $18) 31... Qxh4+ 32. Kg2 Rb5 33. Qe2 1-0

[Event "Hoogovens-B"]
[Site "Wijk aan Zee"]
[Date "1997.01.30"]
[Round "8"]
[White "Van der Sterren, Paul"]
[Black "Dao, Thien Hai"]
[Result "0-1"]
[WhiteElo "2515"]
[BlackElo "2555"]
[Annotator "Ribli,Z"]
[PlyCount "92"]
[EventDate "1997.01.21"]
[EventType "tourn"]
[EventRounds "11"]
[EventCountry "NED"]
[EventCategory "10"]
[SourceTitle "CBM 057"]
[Source "ChessBase"]
[SourceDate "1997.04.01"]
[SourceVersion "1"]
[SourceVersionDate "1997.04.01"]
[SourceQuality "1"]

1. c4 e5 2. Nc3 Nf6 3. Nf3 Nc6 4. d4 {Heutzutage ist diese Variante wieder
populär, aber ich weiß nicht, warum. Meiner Meinung nach - und diese Partie
ist ein gutes Beispiel dafür - hat Weiß dauerhafte positionelle Schwächen in
seiner Stellung aber wenig Kompensation dafür. Ribli.} exd4 5. Nxd4 Bb4 6. Bg5
h6 7. Bh4 Bxc3+ 8. bxc3 d6 {Die Partiefortsetzung ist natürlich und gut.Ribli.}
(8... Ne5 9. f4 Ng6 10. Bxf6 Qxf6 11. g3 O-O 12. Qd2 d6 13. Bg2 $14 {Smirin,
I-Adams,M/EU-ch Rapid/1996/}) 9. f3 Ne5 10. e4 Ng6 11. Bf2 O-O 12. Qd2 (12. Be2
Nf4 13. O-O Nd7 14. Kh1 Nc5 15. Be3 Nxe2 16. Qxe2 Qe8 17. g4 Nxe4 18. fxe4
Qxe4+ 19. Qf3 Re8 20. Qxe4 Rxe4 21. Rae1 Bxg4 $44 {Fahnenschmidt-Smejkal,J/
Bundesliga/1983/}) 12... Nd7 (12... c6 {Und Schwarz strebt nach d6-d5. Nach
meiner Meinung ist das auch gut und reicht zum Ausgleich, doch wenn unser
Gegner das Läuferpaar hat, wäre es logischer, die Stellung geschlossen zu
halten. Ribli.}) 13. Be2 (13. h4 $6 Nde5 14. h5 Ne7) 13... Nc5 14. O-O (14. h4
$6 Ne5) 14... Bd7 15. Rfe1 (15. Nb3 b6 16. Nxc5 bxc5 17. f4 Bc6 18. Bf3 Nh4)
15... b6 16. Nf5 Ne5 (16... Bxf5 $2 17. exf5 Ne5 (17... Ne7 $2 18. f6) 18. f4
Ne4 $2 (18... Nc6 19. Bf3) (18... Ned7 19. Bf3 Rb8 20. g4 $36) 19. Qd4 Nxf2 20.
fxe5) 17. Bd4 Re8 18. Rad1 (18. f4 $2 Nxe4 19. Qc2 Bxf5) (18. Nxg7 Kxg7 19. f4
Nxe4 20. Qe3 (20. Qc2 f5 21. fxe5 dxe5 $17) 20... f5 21. fxe5 dxe5 $19) 18...
Qc8 19. g4 Ba4 20. Rb1 Bc6 21. f4 $6 (21. Rbd1) (21. h4) 21... Nxe4 22. Qc2 Ng6
23. Bf3 (23. Bxg7 Nxf4 24. Bf1 Ng5 $1 (24... h5 25. Bh6 (25. h3 hxg4 26. hxg4
Ng5 (26... Re6 $2 27. Qh2)) 25... hxg4 26. Bxf4 Qxf5)) 23... Qb7 24. Nxg7 Nxf4
25. Nxe8 Rxe8 $15 {Schwarz hat eine Qualität weniger, aber seine Initiative
bietet mindestens volle Kompensation, wenn nicht sogar mehr. Die zwei
schwarzen Springer paralysieren die weiße Stellung. Ribli.} 26. h4 Re6 27. Kh2
Ng6 28. Kh3 (28. h5 Ne5 29. Bxe5 (29. Bxe4 Bxe4 (29... Nxg4+ 30. Kg3 Bxe4) 30.
Qxe4 (30. Rxe4 Nf3+ 31. Kg3 Rxe4) 30... Nf3+) 29... Rxe5 $17) 28... Qa8 29. Bh1
Qd8 30. g5 Qe8 31. Rg1 hxg5 32. hxg5 Bd7 33. Kh2 Nxg5 $19 {Mit dieser kleinen
Kombination erreicht Schwarz eine Gewinnstellung. Ribli.} 34. Rxg5 Re2+ 35.
Qxe2 Qxe2+ 36. Kg1 c5 {Weiß kann aufgeben, aber er macht - vermutlich aufgrund
einer Zeitnotsituation - noch ein paar Züge.Ribli.} 37. Bf2 Be6 38. Re1 Qxc4
39. Be4 Kg7 40. Bg3 {Drei Bauerneinheiten im Vorteil zu sein, reicht für
Schwarz zum Sieg aus.} Kf6 41. Rh5 Qxc3 42. Kh2 Kg7 43. a4 Qd2+ 44. Kh1 f5 45.
Bf3 Qd3 46. Kg2 Bd5 {Und endlich gab Weiß seine (seit vielen Zügen) völlig
hoffnungslose Stellung auf. Ribli.} 0-1

[Event "Haninge"]
[Site "Haninge"]
[Date "1990.??.??"]
[Round "7"]
[White "Seirawan, Yasser"]
[Black "Ehlvest, Jaan"]
[Result "1/2-1/2"]
[WhiteElo "2595"]
[BlackElo "2620"]
[Annotator "Ribli,Z"]
[PlyCount "32"]
[EventDate "1990.05.??"]
[EventType "tourn"]
[EventRounds "11"]
[EventCountry "SWE"]
[EventCategory "14"]
[SourceTitle "CBM 018"]
[Source "ChessBase"]
[SourceDate "1990.10.01"]
[SourceVersion "1"]
[SourceVersionDate "1990.10.01"]
[SourceQuality "1"]

1. c4 Nf6 2. Nc3 e5 3. Nf3 Nc6 4. e3 Be7 5. d4 {5.a3, 0-0 6.Qc2, d5 Renet,
O-Ristic,N Dortmund-B 1989 CBM/13} exd4 6. Nxd4 O-O 7. Be2 Re8 $5 {7...Nxd4 8.
Qxd4, c6 Suba,M-Braun,M Baden-Baden 1986 i 42/(30)} 8. O-O Nxd4 9. Qxd4 Bd6 10.
f4 Qe7 $1 11. Bf3 Bc5 12. Qd3 d6 13. Kh1 c6 14. h3 Bb4 15. Bd2 Bxc3 16. Bxc3
Ne4 $15 (16... Ne4 17. Bxe4 (17. Be1 Bf5 18. Qd4 f6 $15) (17. Kg1 $1 {Karpov}
Nxc3 (17... Bf5 18. g4 $1) 18. Qxc3 Qxe3+ 19. Qxe3 Rxe3 20. Rad1 Be6 $2 21. Kf2
$1) 17... Qxe4 18. Qxe4 Rxe4 19. Rad1 Rxe3 20. Rxd6 Be6 $15) 1/2-1/2

[Event "RUS-Cup03 Geller Memorial"]
[Site "Moscow"]
[Date "1999.02.07"]
[Round "6"]
[White "Maljutin, Evgeni"]
[Black "Najer, Evgeniy"]
[Result "0-1"]
[WhiteElo "2440"]
[BlackElo "2522"]
[Annotator "Ribli,Z"]
[PlyCount "70"]
[EventDate "1999.02.10"]
[EventType "swiss"]
[EventRounds "9"]
[EventCountry "RUS"]
[SourceTitle "CBM 070"]
[Source "ChessBase"]
[SourceDate "1999.06.08"]
[SourceVersion "1"]
[SourceVersionDate "1999.06.08"]
[SourceQuality "1"]

{[%mdl 2112]} 1. c4 e5 2. Nc3 Nc6 3. Nf3 Nf6 4. e4 Bb4 {Meines Erachtens ist
dieser Zug besser als das direkte 4...Bc5, denn Weiß bekommt dort die
Initiative in den taktischen Varianten nach 5.Nxe5. Ribli.} 5. d3 d6 6. g3 (6.
Be2 a6 $5 7. O-O Bc5 8. Be3) 6... O-O (6... Bc5 7. Bg2 Nd4 8. Nxd4 (8. O-O $2
Bg4 $15 {[%csl Rf3]}) (8. h3 Nxf3+ $11) 8... Bxd4 9. Ne2 $5 (9. h3 Be6 10. f4
c6 $13) 9... Bb6 10. d4 exd4 11. Nxd4 Ng4 12. O-O Qf6 13. Nf5 Ne5 14. Ne3 c6
15. Rb1 O-O 16. b3 a5 17. h3 $14 {Bezman,V-Janovsky,S/Moscow3/1995/EXP47/}) (
6... Bg4 $5) 7. Bg2 a6 (7... Bg4 $5 {Dieser Zug ist sehr logisch. Schwarz
tauscht den Läufer auf f3 und bekommt ewige Kontrolle über das Feld d4.} 8. h3
Bxf3 9. Bxf3 Nd4 10. Bg2 a5 (10... a6 11. O-O Bc5 12. Kh2 c6 13. f4 b5 14. Be3
Rb8 15. cxb5 axb5 16. Ne2 Ne6 17. Bxc5 dxc5 {0-1 Grimm,S-Sieglen,J/Godesburg
GM 1995 (48)}) 11. O-O Bc5 12. Rb1 c6 13. a3 b5 (13... Nd7 $5 {/\ f5}) 14. b4
axb4 15. axb4 Bb6 16. Kh1 Nd7 17. f4 {0-1 Ehlvest,J-Adams,M/Terrassa 1991/Inf
52/[Adams,M] (55)}) (7... Nd4 8. Nxd4 exd4 9. a3 $1 $14 {Karpov,An} (9. a3 Ba5
10. b4 c5 11. Na2 Bc7 12. O-O a6 13. Bd2 Be6 14. f4 b6 {0-1 Hamark,
J-Gretarsson,H/Stockholm 1996/CBM 57 ext (43)})) 8. O-O Bc5 {[%csl Yd4]} 9. h3
{Jetzt oder später muß Weiß so spielen, sonst wäre ...Bg4 unangenehm.} Rb8 $5
$146 {[%cal Gb7b5] Ein logischer Zug. Schwarz möchte 10...b7-b5 mit aktivem
Spiel am Damenflügel ziehen.} (9... h6 10. Be3 $5 Be6 11. b3 Nd7 12. d4 $1 exd4
13. Nxd4 Nxd4 14. Bxd4 Qg5 15. f4 Qf6 16. Bxc5 Nxc5 17. Qd2 $14 {1-0 Ashley,
M-Waitzkin,J/New York 1996/CBM 52/[Ribli] (54)}) 10. Be3 {Der Läufer c5 ist so
stark, daß Weiß ihn früher oder später tauschen muß.} (10. Nd5 {[%cal Gc1g5,
Gg5d8]} Nxd5 (10... h6) 11. cxd5 Nd4 $11) 10... Bxe3 11. fxe3 {Weiß hat
Doppelbauern in der e-Linie, aber der e3-Bauer kontrolliert das wichtige
Zentrumsfeld d4.} b5 12. b3 $11 Be6 13. Rf2 bxc4 14. dxc4 $6 {Dieser Zug
gefällt mir nicht, denn die weißen Doppelbauern werden im Zentrum isoliert.} (
14. bxc4 $5) 14... Nd7 $15 {[%csl Yc5][%cal Gd7c5]} 15. Na4 {Weiß verhindert
zwar die Möglichkeit 15...Nc5, aber sein Springer steht auf a4 schlecht.} (15.
Nd5 Nc5 16. Nh4 Qg5 $15 {[%csl Gg5]}) 15... Qe7 16. Nh4 $6 (16. Kh2 $15) (16.
Qd2 $15) 16... Qg5 $1 {[%csl Gg5][%cal Rg5e3,Rg5g3]} 17. Qf3 (17. Rf3 g6 {
[%csl Rh4]}) 17... g6 {[%csl Rh4]} {[#]} 18. Nf5 {Weiß kommt durch das
Springeropfer zu etwas Aktivität, aber insgesamt sind die Verwicklungen
günstig für Schwarz.} gxf5 {Die Annahme des Springers ist nicht erzwungen,
aber Schwarz bekommt ausgezeichnetes Spiel.} (18... Kh8 $5) 19. exf5 {[%cal
Rf5e6,Rf3c6]} Nb4 20. Bf1 (20. fxe6 fxe6 21. Qg4 (21. Qe2 Qxg3 $17) 21... Qxg4
22. hxg4 Rxf2 23. Kxf2 Nf6 $17) 20... e4 $1 21. Qf4 (21. Qxe4 Nf6 22. Qf3 Bd7
$19) 21... Qg7 $17 {[%cal Rg7a1]} (21... Qxf4 22. Rxf4 Bxf5 23. Rxf5 Nc2 24.
Rc1 Nxe3 25. Ra5 $15) 22. Rd1 (22. fxe6 fxe6 23. Qg4 Qxg4 24. hxg4 (24. Rxf8+
$2 Rxf8 25. hxg4 Nc2 {[%cal Rc2e3,Rc2a1]}) 24... Rxf2 25. Kxf2 Ne5 $17) 22...
Ne5 {[%csl Ge5,Yf3][%cal Ge5f3] Der Springer steht ausgezeichnet auf e5. Er
beäugt die Felderschwäche f3.} 23. fxe6 {Die Annahme des Läufers war erzwungen,
aber jetzt bekommt Schwarz überlegenen Angriff.} fxe6 24. Qxe4 Rxf2 25. Kxf2
Rf8+ {[%csl Ge5,Rf2]} 26. Kg2 Rf3 {[%csl Gf3] Alles kommt mit Tempo für
Schwarz. Er hat einen Bauern weniger, aber seine Kompensation ist mehr als
ausreichend.} 27. g4 Qf6 {[%csl Rg2]} 28. Kg1 Qh4 $1 {[%csl Ge5,Gf3,Gh4] Weiß
kann sich jetzt der tödlichen Drohung 29...Qf2 nicht mehr erwehren.} 29. Bg2
Qf2+ 30. Kh1 Rxe3 {[%csl Ge3,Ge5,Gf2] Schwarz hat überlegenen Angriff.} 31.
Qa8+ (31. Qb7 Nf3 32. Qc8+ (32. Rf1 Re1 33. Qxf3 Rxf1+ $19) 32... Kg7 33. Qxc7+
Kg6 $19 {[%csl Rh1] Und Weiß hat keine Verteidigung gegen die vielseitigen
Mattdrohungen.}) 31... Kg7 32. Qb7 (32. Qd8 Nf3 $1 33. Qe7+ (33. Qxc7+ Kg6 $19)
33... Kg6 34. Qe8+ Kg5 35. Qh5+ Kf4 $19 {[%csl Gf4] Der mutige schwarze König
nimmt am Angriff teil.}) 32... Nf3 $19 {Dieses Motiv entscheidet die Partie.
Es droht 33...Re1+.} 33. Qxb4 (33. Qxc7+ Kg6 $19) 33... Qg3 {[%csl Rh1][%cal
Rg3h2]} 34. Bxf3 Qxf3+ {[%cal Rf3h1,Rf3d1] Weiß verliert den Turm auf d1 und
wird bald Matt.} 35. Kg1 Qxd1+ 0-1

[Event "Cheliabinsk"]
[Site "Cheliabinsk"]
[Date "1991.??.??"]
[Round "?"]
[White "Sorokin, Maxim"]
[Black "Kholmov, Ratmir D"]
[Result "1-0"]
[WhiteElo "2500"]
[BlackElo "2445"]
[Annotator "Ribli,Z"]
[PlyCount "77"]
[EventDate "1991.??.??"]
[EventType "tourn"]
[EventRounds "11"]
[EventCountry "URS"]
[EventCategory "7"]
[SourceTitle "CBM 025"]
[Source "ChessBase"]
[SourceDate "1991.12.01"]
[SourceVersion "1"]
[SourceVersionDate "1991.12.01"]
[SourceQuality "1"]

1. c4 e5 2. Nc3 Nc6 3. Nf3 Nf6 4. e3 Bb4 5. Nd5 Bd6 6. d4 exd4 7. Nxd4 Nxd5 8.
cxd5 Nxd4 9. Qxd4 O-O 10. Bd3 $5 (10. Bd2 Re8 11. Bc3 Be5 12. Qc4 d6 13. Be2
Bd7 $10 {Seirawan,Y-Ivanchuk,V Tilburg 1990 CBM/20}) 10... c5 11. Qg4 Be7 12.
O-O d6 13. Qe2 f5 14. Rb1 a6 15. a4 Qe8 16. a5 Bd8 17. Bd2 b5 18. axb6 Bxb6 19.
b4 Qf7 20. Bc4 Bb7 21. Qd3 a5 22. b5 a4 23. Ra1 Ra7 24. Ra3 Rfa8 25. f3 Qg6 26.
Rfa1 h5 27. Qc2 Qf7 28. e4 Re8 29. Kh1 h4 30. h3 fxe4 31. fxe4 Bc8 32. Rf3 Qh5
33. Be2 Qe5 34. Bc3 Qg5 (34... Qxe4 35. Bd3 Qxd5 36. Raf1 $18) 35. Raf1 a3 36.
e5 $1 dxe5 37. Bd3 Qd8 38. Bh7+ Kh8 39. Qg6 1-0